[Анкета в стихах]; Томский политехник; Вып. 7

Dades bibliogràfiques
Parent link:Томский политехник: ежегодный журнал/ Томский политехнический университет (ТПУ), Ассоциация выпускников.— , 1995-
Вып. 7.— 2001.— [С. 110-111]
Sumari:Заглавие с титульного листа
Электронная версия печатной публикации
Idioma:rus
Publicat: 2001
Col·lecció:Юбилеи: 50 лет факультету автоматики и электромеханики
Matèries:
Accés en línia:Цветная версия без потери качества
Format: MixedMaterials Electrònic Capítol de llibre
KOHA link:https://koha.lib.tpu.ru/cgi-bin/koha/opac-detail.pl?biblionumber=191531

MARC

LEADER 00000nla2a2200000 4500
001 191531
005 20231031180730.0
035 |a (RuTPU)RU\TPU\book\208852 
035 |a RU\TPU\book\208712 
090 |a 191531 
100 |a 20110207d2001 km y0rusy50 ca 
101 0 |a rus 
102 |a RU 
135 |a drnn ---uucaa 
181 0 |a i  
182 0 |a b 
200 1 |a [Анкета в стихах]  |b Электронный ресурс 
203 |a Текст  |c электронный 
215 |a 1 файл (8.3 Мб) 
225 1 |a Юбилеи: 50 лет факультету автоматики и электромеханики 
230 |a Электронные текстовые данные (1 файл : 8.3 Мб) 
300 |a Заглавие с титульного листа 
300 |a Электронная версия печатной публикации 
337 |a Adobe Reader 
461 1 |0 (RuTPU)RU\TPU\book\202435  |t Томский политехник  |o ежегодный журнал  |f Томский политехнический университет (ТПУ), Ассоциация выпускников  |d 1995- 
463 1 |0 (RuTPU)RU\TPU\book\208277  |t Вып. 7  |v [С. 110-111]  |d 2001  |p 208 с. 
601 0 2 |a Томский политехнический институт (ТПИ)  |c (1944-1991)  |2 stltpush  |3 (RuTPU)RU\TPU\col\1123 
610 1 |a стихи 
610 1 |a поэзия 
610 1 |a электронный ресурс 
801 1 |a RU  |b 63413507  |c 20101101 
801 2 |a RU  |b 63413507  |c 20110413  |g RCR 
856 4 |u http://www.lib.tpu.ru/fulltext/v/Tomsk_polytechnic/2001/N7a38_full.pdf  |z Цветная версия без потери качества 
942 |c CF